Gleason's theorem and its applications
Αποθηκεύτηκε σε:
| Κύριος συγγραφέας: | |
|---|---|
| Μορφή: | Βιβλίο |
| Γλώσσα: | English |
| Δημοσίευση: |
Dordrecht; : Boston :
Kluwer Academic Publishers,
c1993
|
| Σειρά: | Mathematics and its applications (Kluwer Academic Publishers). East European series ;
; 60 |
| Θέματα: | |
| Ετικέτες: |
Προσθήκη ετικέτας
Δεν υπάρχουν, Καταχωρήστε ετικέτα πρώτοι!
|
MARC
| LEADER | 00000nam a2200000 i 4500 | ||
|---|---|---|---|
| 001 | 1/53523 | ||
| 008 | 951026s1993 eng d | ||
| 020 | |a 0-7923-1990-7 (Kluwer Academic Publishers) | ||
| 020 | |a 80-900486-1-7 (Ister Science Press) | ||
| 035 | |1 ΕΛΗ |a 1995 |b 2410 |c ΒΑΓΙΑΤΗΣ |l 10044730 | ||
| 040 | |a GR-MY-UA |b gre |e aacr | ||
| 041 | 0 | |a eng | |
| 082 | 0 | |a 530.12 |2 (22) | |
| 100 | 1 | |a Dvurecenskij, Anatolij |d 1949- | |
| 245 | 1 | 0 | |a Gleason's theorem and its applications / |c Anatolij Dvurecenskij |
| 260 | |a Dordrecht; : |a Boston : |b Kluwer Academic Publishers, |c c1993 | ||
| 300 | |a xv, 325 σ.; |b εικ.; |c 25 εκ. | ||
| 490 | 1 | |a Mathematics and its applications (Εast European series) |v ; 60 | |
| 500 | |a Βιβλιογραφία: σ. [293]-314. Ευρετήριο | ||
| 650 | 0 | 0 | |a Gleason measures. |
| 650 | 0 | 0 | |a Generalized spaces. |
| 650 | 0 | 0 | |a Mathematical physics. |
| 830 | 0 | |a Mathematics and its applications (Kluwer Academic Publishers). East European series ; |v ; 60 | |
| 852 | |a INST |b SAMOS |e 19951026 |h 530.12 DVU |p 005300008882 |q 005300008882 |t BK |y 0 | ||
| 852 | |a INST |b SYROS |e 20071126 |h 530.12 DVU |p 005500006972 |q 005500006972 |t BK |y 0 | ||
| 901 | |a BIBL5-2007-3 | ||
| 901 | |a BIBL-1997-2 | ||
| 909 | |a Ε |b 139868 | ||
| 909 | |a Σ |b 050874 | ||
| 922 | |a 5ΕΛΗ |b 200710 |c ΕΠΕΑΕΚ2/ΤΜΣΠΣ |d ΠΑΠΑΣΩΤΗΡΙΟΥ | ||
| 970 | |a ΚΟΝΤΟΥ |b ΠΑΡΑΣΚΕΥΗ |z 2007/11/26 | ||